MARC

LEADER 00000nam0a2200000 4500
001 319966
005 20251223172717.0
035 |a (RuTPU)RU\TPU\book\345489 
090 |a 319966 
100 |a 20160620d1969 m y0rusy50 ca 
101 0 |a rus 
102 |a RU 
105 |a a z 000zy 
200 1 |a Занимательно о геологии  |f А. Малахов 
210 |a Москва  |c Молодая гвардия  |d 1969 
215 |a 239 с.  |c ил. 
606 |a Геология  |9 34054 
610 1 |a геологическая история 
610 1 |a земная кора 
610 1 |a рельеф 
610 1 |a жизнь 
610 1 |a происхождение 
610 1 |a трилобиты 
610 1 |a головоногие моллюски 
610 1 |a рыбы 
610 1 |a недра 
610 1 |a Геология занимательная 
675 |a 55  |v 4 
700 1 |a Малахов  |b А.  |g Анатолий Алексеевич 
801 1 |a RU  |b 63413507  |c 20160620 
801 2 |a RU  |b 63413507  |c 20190423  |g RCR 
942 |c BK